| 000 | 00433nam a22001577a 4500 | ||
|---|---|---|---|
| 020 | _a9781785041921 | ||
| 082 |
_a121.3 _bDEB |
||
| 100 | _aDe Bono, Edward | ||
| 245 |
_aTextbook of wisdom: shortcuts to becoming wiser than your years _cEdward De Bono, |
||
| 260 |
_aLondon: _bVermilion; _c2019. |
||
| 300 | _a257p. | ||
| 563 | _aPB. | ||
| 650 |
_aThought and thinking _96711 |
||
| 650 |
_aWisdom _960670 |
||
| 942 |
_2ddc _cBK |
||
| 999 |
_c603418 _d603418 |
||